[Event "Bundesliga 9899"]
[Site "Germany"]
[Date "1998.10.18"]
[Round "2.2"]
[White "Hodgson, Julian M"]
[Black "Wahls, Matthias"]
[Result "1-0"]
[WhiteElo "2575"]
[BlackElo "2605"]
[Annotator "Knaak,R"]
[PlyCount "43"]
[EventDate "1998.10.17"]
[EventType "team-tourn"]
[EventRounds "15"]
[EventCountry "GER"]
[SourceTitle "GER-chT"]
[Source "ChessBase"]
[SourceDate "1999.07.01"]
[SourceVersion "1"]
[SourceVersionDate "1999.07.01"]
[SourceQuality "1"]
[WhiteTeam "Delmenhorst"]
[BlackTeam "Hamburger SK"]
[WhiteTeamCountry "GER"]
[BlackTeamCountry "GER"]

1. d4 Nf6 2. Bg5 {Hodgson ist der absolute Experte dieses Systems, u.a. auch
deshalb, weil er stets Überraschungen parat hat.} e6 3. e3 h6 4. Bxf6 Qxf6 5.
f4 {Meine Datenbank verzeichnet nur ein Beispiel mit dieser Stellung - da ist
der Schwarze seinen Gegner mit 5...g5 angegangen. Vielleicht traut man sich so
etwas gegen den Trompowsky-Guru Hodgson einfach nicht.} d6 {Der erste einer
Reihe von etwas schlappen Zügen. Die schwarzen Läufer sind eingemauert. Der
Versuch e6-e5 durchzusetzen ist vielleicht zu ehrgeizig, denn auf jeden Fall
hat Weiß dann die freie f-Linie.} 6. Nf3 Nc6 7. Nbd2 Bd7 8. c3 e5 $6 {Schwarz
sollte die Läufer besser später befreien.} 9. fxe5 dxe5 10. Bc4 O-O-O 11. O-O
Qe7 12. Qe1 $1 {geht aus der d-Linie raus und bereitet d4-d5 vor.} g6 (12... f5
13. Nh4) 13. d5 Nb8 (13... Na5 14. Bd3 f5 15. e4 Qc5+ 16. Kh1) 14. e4 Re8 15.
Nh4 {Mit dem schwarzen Aufbau ist etwas gründlich schiefgegangen. Da wo der
Nachziehende die Bauernmehrheit hat, ist kein Spiel möglich, und am
Damenflügel ist er soundso hoffnungslos unterlegen.} Rh7 16. Kh1 Qd8 17. Qf2
Bd6 18. b4 a6 19. Rab1 Qe7 20. a3 Rf8 21. Bd3 {Droht c3-c4-c5.} c5 {[#] Stellt
Material ein, aber die Lage ist soundso nicht rosig.} 22. Nc4 $1 (22. Nc4 cxb4
(22... Rd8 23. Nxd6+ Qxd6 24. bxc5) 23. Nxg6 fxg6 24. Nxd6+ Qxd6 25. Qxf8+) 1-0

[Event "Koop Tjuchem"]
[Site "Groningen"]
[Date "1996.??.??"]
[Round "9"]
[White "Hodgson, Julian M"]
[Black "Van Wely, Loek"]
[Result "1-0"]
[WhiteElo "2550"]
[BlackElo "2605"]
[PlyCount "99"]
[EventDate "1996.12.20"]
[EventType "tourn"]
[EventRounds "11"]
[EventCountry "NED"]
[EventCategory "16"]
[SourceTitle "CBM 057"]
[Source "ChessBase"]
[SourceDate "1997.04.01"]
[SourceVersion "1"]
[SourceVersionDate "1997.04.01"]
[SourceQuality "1"]

1. d4 Nf6 2. Bg5 e6 3. e3 b6 4. Nf3 Bb7 5. Nbd2 c5 6. Bd3 Be7 7. O-O cxd4 8.
exd4 O-O 9. Re1 d6 10. Bxf6 Bxf6 11. Be4 d5 12. Bd3 Ba6 13. Bxa6 Nxa6 14. c3
Nb8 15. Ne5 Bxe5 16. Rxe5 Nc6 17. Re3 b5 18. Nb3 Rb8 19. a3 a5 20. Rc1 Ne7 21.
Nc5 Nf5 22. Re2 Rb6 23. b4 Rc6 24. Rcc2 Nd6 25. Ra2 Qc7 26. h3 Ra8 27. a4 Rb6
28. Qa1 Nc4 29. axb5 Rxb5 30. Nb3 g6 31. Ra4 Ra6 32. g3 Rc6 33. Nxa5 Nxa5 34.
Rxa5 Rxa5 35. bxa5 Rxc3 36. Kg2 Qc4 37. Qb2 Rb3 38. Qa2 Qb4 39. Re3 Rb2 40. Qa3
Qxd4 41. a6 Rb8 42. Rb3 Ra8 43. Qd6 Qe4+ 44. Kh2 Qe2 45. Rb8+ Kg7 46. Qf8+ Kf6
47. Qh8+ Kg5 48. Qd4 e5 49. Qh4+ Kf5 50. Qg4+ 1-0

[Event "Bundesliga 9900"]
[Site "Germany"]
[Date "1999.10.09"]
[Round "1.2"]
[White "Hodgson, Julian M"]
[Black "Slobodjan, Roman"]
[Result "1-0"]
[WhiteElo "2605"]
[BlackElo "2550"]
[PlyCount "55"]
[EventDate "1999.10.09"]
[EventType "team-tourn"]
[EventRounds "15"]
[EventCountry "GER"]
[SourceTitle "EXT 2000"]
[Source "ChessBase"]
[SourceDate "1999.11.16"]
[SourceVersion "1"]
[SourceVersionDate "1999.11.16"]
[SourceQuality "1"]
[WhiteTeam "Delmenhorst"]
[BlackTeam "Magdeburg"]
[WhiteTeamCountry "GER"]
[BlackTeamCountry "GER"]

1. d4 Nf6 2. Bg5 c6 3. Bxf6 exf6 4. c4 Bb4+ 5. Nd2 d5 6. e3 Be6 7. cxd5 Bxd5 8.
a3 Bd6 9. e4 Be6 10. Bc4 Bxc4 11. Nxc4 O-O 12. Ne2 Re8 13. Qc2 Bc7 14. O-O Nd7
15. Rad1 Nb6 16. Ne3 Qe7 17. Nc3 Rad8 18. f4 Nc8 19. Kh1 Bb6 20. Nf5 Qf8 21. e5
Re6 22. Ne4 g6 23. Nxf6+ Rxf6 24. exf6 gxf5 25. Qxf5 Rd5 26. Qg4+ Kh8 27. Rfe1
Bxd4 28. Re8 1-0

[Event "Las Vegas op 5'"]
[Site "Las Vegas"]
[Date "1995.??.??"]
[Round "5"]
[White "Hodgson, Julian M"]
[Black "Mariano, Nelson"]
[Result "1-0"]
[WhiteElo "2615"]
[BlackElo "2510"]
[PlyCount "35"]
[EventDate "1995.??.??"]
[EventType "swiss (blitz)"]
[EventRounds "7"]
[EventCountry "USA"]
[SourceTitle "EXT 2000"]
[Source "ChessBase"]
[SourceDate "1999.11.16"]
[SourceVersion "1"]
[SourceVersionDate "1999.11.16"]
[SourceQuality "1"]

1. d4 Nf6 2. Bg5 e6 3. e4 h6 4. Bxf6 Qxf6 5. Nc3 d6 6. Qd2 Nd7 7. f4 c6 8. Nf3
Qd8 9. O-O-O a5 10. f5 Nf6 11. fxe6 Bxe6 12. d5 Bc8 13. dxc6 bxc6 14. e5 Nd5
15. Nxd5 cxd5 16. Qxd5 Be6 17. Bb5+ Bd7 18. exd6 1-0

[Event "Donner Memorial op"]
[Site "Amsterdam"]
[Date "1994.??.??"]
[Round "4"]
[White "Hodgson, Julian M"]
[Black "Van der Wiel, John"]
[Result "1-0"]
[WhiteElo "2580"]
[BlackElo "2555"]
[Annotator "Knaak,R"]
[PlyCount "43"]
[EventDate "1994.08.??"]
[EventType "swiss"]
[EventRounds "9"]
[EventCountry "NED"]
[SourceTitle "EXT 2003"]
[Source "ChessBase"]
[SourceDate "2002.11.25"]
[SourceVersion "1"]
[SourceVersionDate "2002.11.25"]
[SourceQuality "1"]

1. d4 Nf6 2. Bg5 c5 3. Bxf6 gxf6 4. d5 Qb6 5. Qc1 Bh6 6. e3 f5 7. c4 $6 {
This is reputed to be bad, but things are not as clear as all that. Das gilt
als schlecht, aber ganz klar ist die Sache nicht.} f4 8. exf4 Bxf4 9. Qxf4 Qxb2
10. Ne2 Qxa1 11. Nec3 Qb2 $2 ({Results with Die Resultate mit} 11... d6 12. Qd2
{are mixed. But basically Black should have an advantage. sind gemischt. Aber
in einem höheren Sinne sollte Schwarz Vorteil besitzen.}) 12. d6 $1 {
Presumably, White is already winning. Vermutlich steht Weiß bereits auf Gewinn.
} Nc6 (12... Rg8 13. Be2 Nc6 14. O-O Rg6 15. Bh5 Rg7 16. dxe7 $18) 13. Bd3 exd6
(13... e6 14. O-O Rg8 15. Qh6 $18) 14. O-O Ne5 15. Qf6 O-O 16. Nd5 Re8 17. Qg5+
Ng6 (17... Kh8 18. Nf6 Nxd3 19. Qf5 $18) 18. Nf6+ Kf8 19. Qh6+ Ke7 20. Nd5+ Kd8
21. Bxg6 hxg6 22. Nbc3 1-0

[Event "Horgen SKA"]
[Site "Horgen"]
[Date "1994.??.??"]
[Round "10"]
[White "Hodgson, Julian M"]
[Black "Schlosser, Philipp"]
[Result "1-0"]
[WhiteElo "2580"]
[BlackElo "2510"]
[Annotator "Stohl,I"]
[PlyCount "65"]
[EventDate "1994.09.??"]
[EventType "tourn"]
[EventRounds "11"]
[EventCountry "SUI"]
[EventCategory "10"]
[SourceTitle "CBM 043"]
[Source "ChessBase"]
[SourceDate "1994.12.01"]
[SourceVersion "1"]
[SourceVersionDate "1994.12.01"]
[SourceQuality "1"]

1. d4 Nf6 2. Bg5 c5 3. Bxf6 gxf6 4. d5 Qb6 5. Qc1 f5 6. c4 $5 Bg7 (6... Bh6 7.
e3 (7. Qc3 Qb4 $13) 7... f4 $5 8. exf4 Bxf4 9. Qxf4 Qxb2 10. Ne2 Qxa1 11. Nec3
d6 $1 (11... Qb2 $2 12. d6 $1 Nc6 13. Bd3 exd6 14. O-O Ne5 15. Qf6 O-O 16. Nd5
Re8 17. Qg5+ Ng6 18. Nf6+ Kf8 19. Qh6+ Ke7 20. Nd5+ Kd8 21. Bxg6 hxg6 22. Nbc3
{1-0,Hodgson,J-Van der Wiel,J/Amsterdam op/1994/}) 12. Qd2 Rg8 13. g3 a6 $1 (
13... a5 $6 14. Bd3 Bh3 15. f4 Ra6 16. Kf2 Rb6 17. Re1 Rb2 18. Bc2 Bf5 19. Na3
Rxc2 20. Nxc2 Qb2 21. Qe3 $1 e6 22. Re2 Bg4 23. Rd2 Qc1 24. Kg2 $16 {עe8,Bg4,
Aleksandrov,A-Frolov,D/St.Petersburg op/1994/}) 14. Qc2 Kf8 15. Qb3 Nd7 16. Be2
b5 $1 17. cxb5 axb5 18. Bxb5 Ne5 19. Be2 c4 20. Qb6 Bf5 21. O-O Rxa2 $1 22.
Nxa2 Qxa2 23. Re1 Qb3 $19 {Aleksandrov,A-Zhelnin,V/St.Petersburg op/1994/}) 7.
Nc3 Qb4 8. e3 d6 9. f4 $1 {><f5} Nd7 10. Nf3 Nb6 11. Nd2 (11. a3 $5 Bxc3+ 12.
bxc3 Qa4 13. Nd2 $14) 11... Bd7 12. Bd3 Bxc3 $6 (12... Na4 13. Nxa4 Qxa4 14.
O-O e6 $13) 13. bxc3 Qa5 14. a4 $5 (14. Qc2 Ba4 $5 (14... e6 15. e4 $36) 15.
Qb2 (15. Nb3 Qa6 $13) 15... Bd7 $13) 14... Nxa4 $8 (14... O-O-O 15. Qc2 e6 16.
O-O Bxa4 17. Qb2 {ףa5,Ba4,/\Ra3,Rfa1,Bc2}) 15. Qc2 Qxc3 $5 (15... e6 $6 16.
Ra3 {פa4}) 16. Rxa4 Qxc2 17. Bxc2 Bxa4 18. Bxa4+ $14 Kd8 19. Kf2 e6 20. e4 a6
(20... exd5 $6 21. exd5 {/\Bc2><f5}) (20... fxe4 21. Nxe4 Ke7 22. Re1 $36) 21.
dxe6 $1 fxe6 22. exf5 exf5 23. Re1 b5 $5 (23... Rb8 24. Re6 b5 25. Bc2 $1 $16)
24. cxb5 axb5 25. Bxb5 Ra2 26. Re2 {/\Bc4-e6,Nf1-e3><f5} d5 (26... Rb2 27. Bd3
(27. Bc6 $5 $16) 27... Rf8 $16) 27. Bc6 $1 d4 $8 28. Bd5 Rc2 29. Bb3 Rc3 $6 (
29... Rb2 $142 {/\d3} 30. Bc4 $8 Re8 31. Bd3 $1 Rxe2+ 32. Kxe2 Ke7 33. Kd1 (33.
Bxf5 c4 $44) 33... Kf6 $14) 30. Be6 Re8 (30... Rf8 31. Re5 $1 (31. Nc4 $5 Re8
32. Nd6 d3 33. Nxe8 dxe2 34. Ng7 $1 $8 Rc2 35. Bd5 $1 c4 36. Nxf5 c3 37. Ne3
Rd2 38. Be4 $18) 31... Re3 32. Rd5+ {/\Bf5}) 31. Bxf5 Rxe2+ 32. Kxe2 $18 c4 33.
Kd1 $1 {/\Be6} (33. Kd1 Ke7 34. Bxh7 Kf7 35. Bb1 $1 {/\Ba2}) 1-0

[Event "Istanbul ol (Men) 34th"]
[Site "Istanbul"]
[Date "2000.11.01"]
[Round "5.2"]
[White "Hodgson, Julian M"]
[Black "Ilincic, Zlatko"]
[Result "1-0"]
[WhiteElo "2640"]
[BlackElo "2563"]
[Annotator "Tsesarsky,I"]
[PlyCount "65"]
[EventDate "2000.10.28"]
[EventType "team-swiss"]
[EventRounds "14"]
[EventCountry "TUR"]
[SourceTitle "EXT 2001"]
[Source "ChessBase"]
[SourceDate "2000.11.22"]
[SourceVersion "1"]
[SourceVersionDate "2000.11.22"]
[SourceQuality "1"]
[WhiteTeam "England"]
[BlackTeam "Yugoslavia"]
[WhiteTeamCountry "ENG"]
[BlackTeamCountry "YUG"]

{[%mdl 32]} 1. d4 Nf6 2. Bg5 {McShane: 'Hodgson's favourite Trompowsky is his
most feared weapon.'} Ne4 3. Bf4 c5 4. f3 Qa5+ 5. c3 Nf6 6. d5 e6 7. e4 exd5 (
7... d6 8. dxe6 Bxe6 9. Na3 {-see detailed comments to the game 1/2-1/2
Cifuentes Parada,R-Strikovic,A/Iasi 2000/CBM 73 ext (36) [Atalik,S]} (9. Bxd6
Bxd6 10. Qxd6 Nc6 11. Nd2 (11. Na3 $14) 11... Rd8 12. Qf4 O-O 13. Ne2 $14 {
0-1 Krasnov,V-Vorobiov,E/St Petersburg 1998/EXT 99 (35)})) (7... b5 $6 8. a4 $1
bxa4 (8... b4 9. Bc4 Ba6 10. Qd3 Bxc4 11. Qxc4 Qa6 12. Qxa6 Nxa6 13. dxe6 dxe6
14. Nd2 Be7 15. Ne2 O-O 16. Nc4 Rfd8 17. Kf2 Nd7 18. a5 $14 {1-0 Haubt,
G-Roeberg,F/Germany 1995/GER (59)}) 9. Na3 $1 $14 (9. Rxa4 Qb6 10. Bc4 Nh5 11.
Bc1 Bd6 12. Ne2 O-O 13. O-O Nf6 $132 {0-1 Semenova,L-Melamed,T/Alushta 1999/
EXT 2000 (65)})) (7... Qb6 8. Na3 exd5 9. exd5 d6 10. Qe2+ Kd8 11. O-O-O $14 {
1-0 Djurhuus,R-Abedinov,A/Stockholm 1996/CBM 57 ext (26)}) 8. e5 {Rare move
'!?' McShane.} ({More popular is} 8. exd5 d6 {-mainline} (8... Qb6 $2 9. Na3
Nxd5 10. Qxd5 Qxb2 11. Rc1 Qxa3 12. Bc4 Be7 13. Qxf7+ Kd8 14. Qxg7 Re8 15. Ne2
$16 {1-0 Bouaziz,S-Berthelot,Y/Cannes 1998/CBM 63 ext (27)}) (8... b5 $2 9. Na3
c4 10. d6 Na6 11. Qd4 $18 {1-0 Dresen,U-Spiekermann,M/Germany 1993/TD (15)} (
11. Qe2+ Kd8 12. Qe5 $18 {[%csl Rb5,Rc4][%cal Ga3c4]})) 9. Na3 (9. Ne2 Nbd7 10.
Nd2 Nb6 11. b4 cxb4 12. c4 Be7 13. Nd4 Bd7 14. N2b3 $44 {1-0 Gulko,B-Browne,W/
USA-ch 1992/TD (60)}) 9... Be7 10. g4 Nbd7 11. Nc4 Qc7 12. a4 O-O $11 {1/2-1/2
Benjamin,J-Ivanov,A/Philadelphia 1999/EXT 2000 (22)}) (8. exd5 {is more common.
}) 8... Ng8 $6 $14 {After this move White get advantage} ({Much better is} 8...
Nh5 9. Bc1 {[%csl Rh5][%cal Gg2g4]} (9. Bg5 h6 10. Bc1 $132 (10. Bh4 $2 g5 11.
Bf2 Qc7 12. Qxd5 Nc6 $17 {0-1 De Coverly,R-Hennigan,M/Isle of Man 1993/EXT 98 
(48)})) 9... Qd8 {[%cal Gd8h4]} 10. Ne2 (10. g3 d6 11. f4 g6 12. Qxd5 Nc6 $15)
10... d6 11. Qxd5 {[%csl Rh5][%cal Ge5d6]} g6 12. Na3 Nc6 $11) (8... Nh5 {
also looks interesting.}) 9. Qxd5 {[%csl Rd7]} Ne7 10. Qe4 Ng6 (10... f5 $2 11.
exf6 d5 12. Qe5 gxf6 13. Qh5+ (13. Qxf6 Rg8 14. Nd2 $14) 13... Kd8 14. Na3 $14
{1-0 Sahovic,D-Olafsson,H/Reykjavik 1982/MCD (29)}) 11. Bg3 {White decided to
avoid B for N exchange} ({In the case of} 11. Na3 Nxf4 12. Qxf4 Be7 13. Nc4 {
[%csl Rd6] position of White looks strong, but Black can neutralize pressure:}
Qd8 14. Bd3 O-O 15. Qe4 g6 16. O-O-O Nc6 17. f4 b5 18. Nd6 (18. Nd2 Rb8 $132)
18... Bxd6 19. Bxb5 (19. exd6 b4 $132) 19... Rb8 20. Bxc6 Bxe5 21. fxe5 Qb6 22.
Rd2 dxc6 23. Nf3 $132) 11... Qb6 {[%csl Rb2][%cal Gb6b2]} 12. b3 Qc6 {'?!'
McShane. McShane: 'When Black makes this much effort to exchange queens, only
to bring a knight into the centre, he should be searching for an alternative.'}
(12... Be7 13. Nd2 O-O 14. O-O-O $14 {[%csl Rd6,Rd7,Ge5] and Black has some
difficulties with Pd7.}) 13. Nd2 Qxe4+ 14. Nxe4 Nc6 {[%csl Re5]} 15. f4 {
McShane: 'White has a firm grip on the centre and much more space. Black
decides it is necessary to upset the balance slightly.'} h5 {'!?' McShane.} (
15... d5 $6 16. exd6 f5 17. Nxc5 Bxd6 18. Nd3 O-O 19. Be2 $14) 16. Nf3 $5 {
In spirit of Hodgson's agressive style.} ({Interesting and strong was} 16. h4
$1 {White keep strong center.} b6 (16... f5 17. Nd6+ Bxd6 18. exd6 b6 19. O-O-O
Bb7 20. Re1+ (20. Nf3 O-O 21. Bc4+ Kh8 22. Rhe1 $14 {[%cal Gf3g5]}) 20... Kf7 (
20... Kf8 21. Bd3 $16 {[%csl Rf5]}) 21. Nf3 Kf6 22. Bd3 (22. Ne5 Ncxe5 23.
fxe5+ Ke6 24. Bc4+ Bd5 $15) 22... Rae8 23. Ng5 Nd8 24. Nh7+ $1 Kf7 25. Bc4+ Ne6
26. Ng5+ Kf6 27. Bxe6 dxe6 28. Re2 $16) 17. Bc4 Bb7 18. Bd5 Rb8 19. O-O-O $14)
(16. Ne2 $6 b6 17. O-O-O Bb7 18. Nd6+ Bxd6 19. exd6 h4 20. Bf2 Kf8 $132 {
[%cal Ga8e8] and Black solved development problems.}) (16. h4 {is simpler but
more compromising. Hodgson's daring fight for the initiative suits his style.})
16... h4 17. f5 $1 ({Interesting also} 17. Bf2 Nxf4 18. Bxh4 (18. Nd6+ Bxd6 19.
exd6 h3 20. gxh3 b6 (20... Nxh3 21. Bxc5 $14) 21. Rg1 $132) 18... b6 (18...
Nxe5 19. Nxe5 Rxh4 20. g3 Ng6 21. gxh4 Nxe5 22. O-O-O $16) 19. Bg3 $14) 17...
hxg3 18. fxg6 fxg6 $2 $16 ({Right was} 18... gxh2 19. gxf7+ (19. Nd6+ Bxd6 20.
gxf7+ Kxf7 21. exd6 b6 22. Bc4+ Kf6 $1 23. O-O-O Ne5 24. Nxh2 {[%cal Gh2g4]}
Bb7 25. Rdf1+ Kg6 $132) 19... Kxf7 20. Bc4+ Ke8 (20... Kg6 21. O-O-O $16 {
[%csl Rd7,Rg6][%cal Ge4g5,Gd1f1]}) 21. Nd6+ (21. O-O-O $14 {[%csl Rd7]}) 21...
Ke7 $1 $14 {We can compare this position with position after 20...Ke7 in this
game later.} ({Loses} 21... Bxd6 22. exd6 {[%csl Ra8,Rc8,Re8]} Na5 23. Bd5 $1 (
23. O-O-O $6 Nxc4 24. bxc4 b6 25. Rde1+ Kf8 $15) 23... Rh6 24. O-O-O Rxd6 (
24... Kf8 25. Rxh2 Rxh2 26. Nxh2 $18 {[%csl Ra8,Rc8,Rf8]}) 25. Bf7+ $18)) 19.
O-O-O {'!' McShane. McShane: 'It is important not to waste any time.'} ({
Good enough was also} 19. h4 Be7 20. Nd6+ Bxd6 21. exd6 O-O 22. Bc4+ Kh7 23. h5
Kh6 24. hxg6+ Kxg6 25. Rh3 Rf4 26. Kd2 $16 {[%csl Ra8,Rc8,Rg6]}) 19... gxh2 20.
Nd6+ $1 Bxd6 $2 $18 {Now position of Black is strategical lost.} ({Of course,} 
20... Ke7 {looks ugly, but it was the only possibility of resistance.} 21. Bd3
$16 {[%csl Ra8,Rc8,Re7,Rf8]}) 21. exd6 {McShane: 'The pawn acts like a wedge
leaving the black king isolated. The h2 pawn falls soon enough and mate
threats start popping up.'} Nd8 {[%cal Gd8e6]} (21... Kd8 {[%csl Rd8]} 22. Re1
{[%cal Gf3g5]} b6 23. Rxh2 Rxh2 (23... Rf8 24. Rh7 $18) 24. Nxh2 Bb7 25. Bd3
Kc8 26. Nf3 $18 {[%csl Ra8,Rc8]}) 22. Bd3 b6 (22... Ne6 23. Bxg6+ Kf8 24. Rdf1
$18) 23. Bxg6+ Kf8 24. Nxh2 Kg8 (24... Rh6 25. Nf3 Rxg6 26. Rh8+ Kf7 27. Rxd8
Rxg2 28. Ne5+ Kf6 29. Nxd7+ Bxd7 30. Rxa8 Rxa2 31. Kb1 $18) 25. Ng4 Rxh1 26.
Rxh1 Nb7 (26... Bb7 27. Bh7+ Kf8 (27... Kh8 28. Ne5 {with a decisive mate
threat.}) 28. Rf1+ Nf7 (28... Ke8 29. Bg6+) 29. Ne5 Bd5 30. Bg6 {wins}) 27. Rd1
$1 {[%cal Gg4e5]} (27. Be4 Kf7 $8 28. Bd5+ Kg6 $8 29. Rh8 Kf5 30. Ne3+ Ke5 31.
Rxc8 Rxc8 32. Bxb7 Rb8 33. Nc4+ Ke6 34. Bf3 $16) 27... Nd8 {McShane: 'Black is
totally contorted and Hodgson must have enjoyed the final moves.'} 28. Ne5 Bb7
29. Rh1 Bxg2 30. Rh2 Bd5 31. Bh7+ Kf8 32. Rf2+ Nf7 33. Nxf7 1-0

[Event "BCF-ch 87th"]
[Site "Millfield"]
[Date "2000.08.10"]
[Round "10"]
[White "Hodgson, Julian M"]
[Black "Ward, Christopher"]
[Result "1-0"]
[WhiteElo "2640"]
[BlackElo "2508"]
[PlyCount "71"]
[EventDate "2000.07.31"]
[EventType "swiss"]
[EventRounds "11"]
[EventCountry "ENG"]
[SourceTitle "CBM 077 Extra"]
[Source "ChessBase"]
[SourceDate "2000.09.14"]
[SourceVersion "1"]
[SourceVersionDate "2000.09.14"]
[SourceQuality "1"]

1. d4 Nf6 2. Bg5 e6 3. e4 h6 4. Bxf6 Qxf6 5. c3 d6 6. Bd3 e5 7. Ne2 g6 8. O-O
Bg7 9. f4 exd4 10. cxd4 Nc6 11. e5 Qd8 12. Nbc3 O-O 13. Rc1 dxe5 14. dxe5 g5
15. Nd5 gxf4 16. Nexf4 Nxe5 17. Rxc7 Bg4 18. Be2 Qg5 19. Bxg4 Nxg4 20. h3 Ne5
21. Nh5 Rad8 22. Nxg7 Qxg7 23. Ne7+ Kh8 24. Qc2 Rd3 25. Rc8 Rdd8 26. Rxd8 Rxd8
27. Qe4 Rd2 28. Nf5 Qf6 29. Nxh6 Qxh6 30. Qxe5+ Qg7 31. Qe4 Rxb2 32. Rf4 Rb6
33. Qe8+ Qg8 34. Rh4+ Kg7 35. Qe5+ Kf8 36. Rh8 1-0

[Event "Vikings GM 2nd"]
[Site "York"]
[Date "2000.12.19"]
[Round "7"]
[White "Hodgson, Julian M"]
[Black "Wells, Peter K"]
[Result "1-0"]
[WhiteElo "2640"]
[BlackElo "2506"]
[Annotator "Tsesarsky,I"]
[PlyCount "65"]
[EventDate "2000.12.13"]
[EventType "tourn"]
[EventRounds "10"]
[EventCountry "ENG"]
[EventCategory "12"]
[SourceTitle "CBM 081"]
[Source "ChessBase"]
[SourceDate "2001.03.20"]
[SourceVersion "1"]
[SourceVersionDate "2001.03.20"]
[SourceQuality "1"]

1. d4 Nf6 2. Bg5 Ne4 3. Bf4 c5 4. f3 Qa5+ 5. c3 Nf6 6. d5 e6 7. e4 exd5 8. exd5
d6 9. Qd2 $5 $146 ({Here was played various continuations:} 9. Na3 Be7 10. g4 (
10. Nc4 Qd8 (10... Qc7 11. a4 O-O 12. Ne2 (12. g4 Re8 13. Kf2 $132 {0-1
Lindinger,M-Bekker Jensen,S/Hamburg GER 1999 (25)}) 12... Re8 13. Qd2 Nbd7 14.
Kf2 Nf8 $132 {0-1 Manievich,V-Cramling,P/Bern op (2) 1995 (43)}) 11. a4 O-O 12.
Ne2 Re8 13. Kf2 $132 {0-1 Bisguier,A-Ivanov,I/New York 1984 (29)}) 10... Nbd7
11. Nc4 Qc7 12. a4 O-O 13. Ne2 Re8 14. Kf2 {1/2-1/2 Benjamin,J-Ivanov,A/
Philadelphia USA 1999 (22)}) (9. Bd3 Nxd5 10. Ne2 Be7 11. Na3 Nc6 $15 {0-1
Martinez,J-Bonin,J/New York Summer Fut ,EXT 1991 (31)}) (9. Ne2 Nbd7 10. Nd2
Nb6 11. b4 cxb4 12. c4 Be7 13. Nd4 Bd7 14. N2b3 Qa4 15. Bd3 Rc8 16. O-O O-O 17.
Rc1 $44 {1-0 Gulko,B-Browne,W/USA ch 1992 (60)}) ({another mainlines are:} 9.
Nd2) ({and} 9. Qe2+) 9... Be7 10. c4 $1 {This move White intended to do when
he played 9.Qd2.} Qxd2+ {White has space advantage, so Black hasn't reason to
avoid QQ exchange.} 11. Kxd2 $1 {Without QQ White doesn't need castle.} Nh5 12.
Be3 f5 {Black also wants to grasp space.} 13. Nc3 O-O 14. Bd3 Nd7 15. f4 Ndf6
16. Nge2 g5 $6 $16 {[%csl Rf5]} ({Reliable was} 16... Ng4 17. Bg1 a6 (17... Bf6
) 18. h3 Ngf6 19. Be3 $14) 17. h3 $1 {[%cal Gf4g5] Refutation of the previous
Black move idea.White likes initiative!} ({Worth of attention was also to take
sacrificed P:} 17. fxg5 Ng4 {[%csl Re3,Rg5]} 18. h4 f4 (18... Nxe3 19. Kxe3 f4+
20. Kf3 $16) 19. Bg1 $8 Bf5 (19... Ne5 20. Bh2 $1 f3 21. Bxe5 (21. gxf3 Nxd3
22. Kxd3 Rxf3+ 23. Kd2 $16) 21... fxg2 22. Rhg1 dxe5 23. Rxg2 $16) 20. Bxf5
Rxf5 21. Rf1 Raf8 22. b3 a6 $14) 17... gxf4 18. Nxf4 {[%csl Rf5]} Bd7 19. Ne6
$1 {Of course, this move is not the only way of initiative development.} Bxe6
20. dxe6 Bd8 $2 {loses by force.} ({more stubborn was} 20... f4 21. Bf2 $16)
21. Bh6 $1 Re8 22. g4 $1 {Destroying Black position.} fxg4 23. hxg4 Ng7 24.
Bxg7 Kxg7 25. g5 {[%csl Rh7][%cal Gd3h7]} Ng4 26. Rxh7+ Kg8 27. Rh5 $1 {
[%cal Ga1h1] The simpliest way to win.} Ne5 28. Rah1 Nxd3 29. Kxd3 Rxe6 30.
Rh8+ Kg7 31. R1h7+ Kg6 32. Rd7 {[%csl Rd8]} Re3+ 33. Kc2 $1 (33. Kxe3 $4 Bxg5+
$132 {[%cal Ga8h8]}) 1-0